[Event "EU-chT Seniors 50"]
[Site "Swidnica"]
[Date "2023.07.14"]
[Round "3.1"]
[White "Marks, Ian Alexander"]
[Black "Kantorik, Marian"]
[Result "1/2-1/2"]
[WhiteElo "1874"]
[BlackElo "2200"]
[PlyCount "36"]
[EventDate "2023.07.12"]
[EventType "team-tourn"]
[EventRounds "9"]
[EventCountry "POL"]
[SourceTitle "CBM 215 Extra"]
[Source "ChessBase"]
[SourceDate "2023.09.30"]
[SourceVersion "1"]
[SourceVersionDate "2023.09.30"]
[SourceQuality "1"]
[WhiteTeam "Scotland 50"]
[BlackTeam "Slovakia 50"]
[WhiteTeamCountry "POL"]
[BlackTeamCountry "SVK"]

1. e4 c5 2. Nf3 e6 3. c3 Nf6 4. e5 Nd5 5. Bc4 Nc6 6. 0-0 Be7 7. Re1 0-0 8. d4 cxd4 9. cxd4 d6 10. Qe2 Bd7 11. Qe4 Ncb4 12. a3 Rc8 13. Bb3 f5 14. exf6 Nxf6 15. Qe2 Nbd5 16. Nc3 Re8 17. Bg5 Kf8 18. Qd2 Nxc3 1/2-1/2

[Event "Dundee & Angus op"]
[Site "Dundee"]
[Date "2016.10.08"]
[Round "2"]
[White "Orr, Mark JL"]
[Black "Marks, Ian Alexander"]
[Result "1/2-1/2"]
[WhiteElo "2110"]
[BlackElo "1900"]
[PlyCount "96"]
[EventDate "2016.10.07"]
[EventType "swiss"]
[EventRounds "5"]
[EventCountry "SCO"]
[SourceTitle "EXT 2023"]
[Source "ChessBase"]
[SourceDate "2022.10.05"]
[SourceVersion "1"]
[SourceVersionDate "2022.10.05"]
[SourceQuality "1"]

1. c4 Nf6 2. Nc3 e5 3. Nf3 Nc6 4. g3 Bb4 5. Nd5 Bc5 6. d3 h6 7. Bg2 d6 8. 0-0 0-0 9. e3 a6 10. b3 Bf5 11. Bb2 Ba7 12. Ne1 Nxd5 13. cxd5 Ne7 14. e4 Bd7 15. Nc2 c6 16. dxc6 Nxc6 17. d4 Rc8 18. d5 Ne7 19. Bc1 f5 20. Be3 Bxe3 21. fxe3 fxe4 22. Rxf8+ Qxf8 23. Bxe4 Bf5 24. Bd3 Bxd3 25. Qxd3 Qf3 26. Rd1 Qxd5 27. Qxd5+ Nxd5 28. Rxd5 Rxc2 29. Rxd6 Rxa2 30. Rb6 Re2 31. Rxb7 Rxe3 32. Rb6 Kf7 33. b4 Rb3 34. Kf2 Ke7 35. Kg2 Ra3 36. Kf2 a5 37. bxa5 Rxa5 38. Ke3 Ra4 39. Rc6 Rd4 40. Rg6 Kf7 41. Ra6 h5 42. Rb6 h4 43. gxh4 Rxh4 44. Rb2 Ke6 45. Rg2 Kf6 46. Rf2+ Ke6 47. Rg2 Kf6 48. Rf2+ Ke6 1/2-1/2

[Event "EU-chT Seniors 65"]
[Site "Chalkidiki"]
[Date "2016.04.20"]
[Round "2.3"]
[White "Marks, Ian Alexander"]
[Black "Just, Joachim"]
[Result "1/2-1/2"]
[WhiteElo "1888"]
[BlackElo "1942"]
[PlyCount "34"]
[EventDate "2016.04.19"]
[EventType "team-tourn"]
[EventRounds "9"]
[EventCountry "GRE"]
[SourceTitle "CBM 172 Extra"]
[Source "ChessBase"]
[SourceDate "2016.06.21"]
[SourceVersion "1"]
[SourceVersionDate "2016.06.21"]
[SourceQuality "1"]
[WhiteTeam "Scotland II"]
[BlackTeam "Stiftung BSW/DBAG"]
[WhiteTeamCountry "SCO"]
[BlackTeamCountry "GER"]

1. e4 g6 2. d4 Bg7 3. Nc3 c6 4. Be3 d5 5. Qd2 dxe4 6. Nxe4 Nd7 7. Nf3 Ndf6 8. Ng3 h5 9. h4 Nh6 10. Bd3 Nf5 11. Nxf5 Bxf5 12. Bxf5 gxf5 13. 0-0-0 Ne4 14. Qd3 Qa5 15. Kb1 0-0-0 16. c3 Bf6 17. Ng5 Bxg5 1/2-1/2

[Event "Dundee & Angus op"]
[Site "Dundee"]
[Date "2015.10.11"]
[Round "4"]
[White "Marks, Ian Alexander"]
[Black "Kefalas, Loukas"]
[Result "1/2-1/2"]
[WhiteElo "1802"]
[BlackElo "1844"]
[PlyCount "100"]
[EventDate "2015.10.09"]
[EventType "swiss"]
[EventRounds "5"]
[EventCountry "SCO"]
[SourceTitle "EXT 2023"]
[Source "ChessBase"]
[SourceDate "2022.10.05"]
[SourceVersion "1"]
[SourceVersionDate "2022.10.05"]
[SourceQuality "1"]

1. e4 e5 2. Nf3 Nc6 3. Bb5 a6 4. Bxc6 dxc6 5. 0-0 Bd6 6. d4 exd4 7. Qxd4 f6 8. Be3 Ne7 9. Nbd2 0-0 10. Rad1 Ng6 11. Nc4 Be7 12. Qxd8 Bxd8 13. Rd2 b6 14. Rfd1 Be6 15. Na3 Be7 16. Nd4 Bxa2 17. Nxc6 Bxa3 18. bxa3 Bc4 19. Rd7 Rfc8 20. Ne7+ Nxe7 21. Rxe7 Rd8 22. Red7 Rxd7 23. Rxd7 Rc8 24. Bf4 c5 25. f3 Rc6 26. Kf2 Be6 27. Rc7 Rxc7 28. Bxc7 b5 29. Bd6 Kf7 30. Bxc5 Bc4 31. Ke3 Ke6 32. Kd4 Bf1 33. g3 Be2 34. f4 g6 35. Bb4 Bf3 36. Ba5 Bd1 37. c3 Bc2 38. g4 Bb1 39. f5+ Ke7 40. h4 Bc2 41. fxg6 hxg6 42. Ke3 Ke6 43. Kf4 Bd1 44. Bb6 Be2 45. Bd4 a5 46. e5 fxe5+ 47. Bxe5 a4 48. Bg7 Kf7 49. Bd4 Kg8 50. Kg5 Kh7 1/2-1/2

[Event "BCF-ch Seniors"]
[Site "Aberystwyth"]
[Date "2014.07.28"]
[Round "3"]
[White "Dennis, Nigel W"]
[Black "Marks, Ian Alexander"]
[Result "1/2-1/2"]
[WhiteElo "1840"]
[BlackElo "1978"]
[PlyCount "103"]
[EventDate "2014.07.26"]
[EventType "swiss"]
[EventRounds "7"]
[EventCountry "WLS"]
[SourceTitle "EXT 2017"]
[Source "ChessBase"]
[SourceDate "2016.10.25"]
[SourceVersion "1"]
[SourceVersionDate "2016.10.25"]
[SourceQuality "1"]

1. e4 e6 2. d4 d5 3. Nc3 Bb4 4. e5 c5 5. a3 Bxc3+ 6. bxc3 Ne7 7. Qg4 cxd4 8. Qxg7 Rg8 9. Qxh7 Qc7 10. Ne2 dxc3 11. f4 Nbc6 12. Qd3 d4 13. Nxd4 Nxd4 14. Qxd4 Bd7 15. g3 Qc6 16. Rg1 Nf5 17. Qf2 Qe4+ 18. Qe2 Qa4 19. Be3 Rd8 20. Rg2 Bc6 21. Rf2 Nd4 22. Bxd4 Rxd4 23. Qh5 Re4+ 24. Re2 Bb5 25. Qh7 Rg6 26. Rd1 Rd4 27. Qh8+ Ke7 28. Rb1 a6 29. Qc8 Rd7 30. Qxc3 Bxe2 31. Bxe2 Qe4 32. Kf2 Rh6 33. h4 b5 34. Qc5+ Ke8 35. Rb4 Qb7 36. Rd4 Rxd4 37. Qxd4 Qh1 38. Bf3 Qc1 39. Qc3 Kf8 40. Bb7 a5 41. Be4 a4 42. Qc8+ Kg7 43. Qc3 Rh8 44. f5 Rd8 45. f6+ Kg8 46. Ke2 Qd1+ 47. Ke3 Qc1+ 48. Kf3 Qf1+ 49. Ke3 Qg1+ 50. Ke2 Qd1+ 51. Ke3 Qc1+ 52. Kf3 1/2-1/2

[Event "Commonwealth-ch"]
[Site "Glasgow"]
[Date "2014.07.06"]
[Round "7"]
[White "Hope, Iain"]
[Black "Marks, Ian Alexander"]
[Result "0-1"]
[WhiteElo "1366"]
[BlackElo "1978"]
[PlyCount "76"]
[EventDate "2014.06.30"]
[EventType "swiss"]
[EventRounds "9"]
[EventCountry "SCO"]
[SourceTitle "CBM 161 Extra"]
[Source "ChessBase"]
[SourceDate "2014.08.29"]
[SourceVersion "1"]
[SourceVersionDate "2014.08.29"]
[SourceQuality "1"]

1. d4 e6 2. c4 Nf6 3. Nc3 Bb4 4. e3 b6 5. Bd3 Bb7 6. Nf3 Ne4 7. Qc2 Bxc3+ 8. bxc3 f5 9. 0-0 0-0 10. Nd2 Nxd2 11. Bxd2 Qh4 12. f3 Nc6 13. e4 f4 14. e5 Na5 15. Be1 Qe7 16. Bxh7+ Kh8 17. Bd3 Ba6 18. Qe2 Qg5 19. Bf2 g6 20. Rfe1 Qh5 21. d5 Kg7 22. c5 Bxd3 23. Qxd3 Rh8 24. h3 Rad8 25. c4 Qg5 26. Kh2 bxc5 27. Bxc5 Rxh3+ 28. gxh3 Qg3+ 29. Kh1 Rh8 30. Qf1 Rxh3+ 31. Qxh3 Qxh3+ 32. Kg1 Qg3+ 33. Kf1 Qxf3+ 34. Kg1 Nxc4 35. dxe6 dxe6 36. Bxa7 Nd2 37. Red1 Qg3+ 38. Kh1 Nf3 0-1

[Event "Ayr Shire & Arran Congress"]
[Site "Ayr"]
[Date "2014.05.24"]
[Round "2"]
[White "Wynarczyk, Raymond"]
[Black "Marks, Ian Alexander"]
[Result "1-0"]
[WhiteElo "1968"]
[BlackElo "2040"]
[PlyCount "61"]
[EventDate "2014.05.??"]
[EventType "swiss"]
[EventRounds "5"]
[EventCountry "SCO"]
[SourceTitle "EXT 2023"]
[Source "ChessBase"]
[SourceDate "2022.10.05"]
[SourceVersion "1"]
[SourceVersionDate "2022.10.05"]
[SourceQuality "1"]

1. e4 e6 2. d4 d5 3. Nc3 Bb4 4. e5 Ne7 5. Bd2 b6 6. a3 Bxc3 7. Bxc3 Ba6 8. Bxa6 Nxa6 9. Qd3 Qc8 10. b4 c5 11. bxc5 bxc5 12. Nf3 0-0 13. Ng5 Ng6 14. h4 h6 15. h5 c4 16. Qg3 Ne7 17. Nf3 Nc7 18. Bb4 Re8 19. Qf4 a5 20. Bd2 Qb7 21. g4 Qb2 22. Rc1 Qxa3 23. g5 Nf5 24. gxh6 gxh6 25. Nh4 Qf8 26. Nxf5 exf5 27. Rg1+ Kh8 28. Qxf5 f6 29. Rg6 Qe7 30. Rxh6+ Kg8 31. Qg4+ 1-0